Statistics for Who Did That 1950s Song #1

Click here to take the quiz!

General Stats

  • This quiz has been taken 103 times
  • The average score is 9 of 20

Answer Stats

Song Artist % Correct
Love Me TenderElvis Presley
98%
Folsom Prison BluesJohnny Cash
80%
Great Balls of FireJerry Lee Lewis
78%
Peggy SueBuddy Holly
75%
Tutti FruttiLittle Richard
74%
La BambaRitchie Valens
67%
Rock Around the ClockBill Haley & His Comets
66%
Wake Up Little SuzieThe Everly Brothers
54%
Blue Suede ShoesCarl Perkins
52%
Splish SplashBobby Darin
36%
The Great PretenderThe Platters
31%
Come On-a My HouseRosemary Clooney
28%
The Battle of New OrleansJohnny Horton
24%
Tom DooleyThe Kingston Trio
20%
It's Only Make BelieveConway Twitty
18%
Yakety YakThe Coasters
16%
Learnin' the BluesFrank Sinatra
16%
The Purple People EaterSheb Wooley
15%
WhyFrankie Avalon
9%
If Dreams Came TruePat Boone
6%

Score Distribution

Percentile by Number Answered

Percent of People with Each Score

Your Score History

You have not taken this quiz